Responsibilities : and other poems /

Bibliographic Details
Main Author: Yeats, W. B. (William Butler), 1865-1939
Format: Book
Language:English
Published: London : Macmillan and Co., limited, 1916.

MARC

Tag First Indicator Second Indicator Subfields
LEADER 00000cam a2200000 4500
001 in00000027757
005 20151007062724.0
008 760621s1916 enk 00010 engm
010 |a  16022657  
035 |a (OCoLC)02272030 
035 |9 AAD5649AM 
040 |a DLC  |c AZU  |d AZU  |d TXA  |d UtOrBLW 
049 |a TXAM  |c [7916] 
050 0 0 |a PR5904  |b .R3 1916 
092 |a 821  |b Y41r 
100 1 |a Yeats, W. B.  |q (William Butler),  |d 1865-1939. 
245 1 0 |a Responsibilities :  |b and other poems /  |c by William Butler Yeats. 
264 1 |a London :  |b Macmillan and Co., limited,  |c 1916. 
300 |a vii pages, 2 ., 188 pages ;  |c 20 cm. 
336 |a text  |b txt  |2 rdacontent 
337 |a unmediated  |b n  |2 rdamedia 
338 |a volume  |b nc  |2 rdacarrier 
999 |a MARS 
999 f f |s dfea2740-01ae-3aab-9ab2-7647a2156e1b  |i 2f81bbea-ff84-3e58-af24-e657645a87e3  |t 0 
952 f f |p normal  |a Texas A&M University  |b College Station  |c Sterling C. Evans Library  |d Evans: Library Stacks  |t 0  |e PR5904 .R3 1916  |h Library of Congress classification  |i unmediated -- volume  |m A14801289484 
998 f f |a PR5904 .R3 1916  |t 0  |l Evans: Library Stacks